1191 1844 1634 1548 1307 1780 1477 1269 1405 1172 1664 1389 1505 1342 1431 1712 1802 1459 1075 1574 1846 1437 1119 1735 1871 1718 1655 1391 1856 1307 1509 1911 1575 1746 1377 1032 1672 1546 1176 1315 1187 1583 1139 1003 1708 1283 1330 1527 1564 1554 1591 1163 1056 1054 1990 1280 1403 1019 1837 1538 1333 1762 1015 1568 1560 1520 1709 1415 1392 1997 1840 1558 1139 1785 1600 1521 1145 1597 1571 1740 1286 1282 1943 1759 1168 1715 1032 1250 1850 1149 1359 1384 1953 1665 1145 1655 1664 1426 1635 BCNSPRNW ULIB Ver.6.0+V

เปลี่ยนเป็นภาษาไทย

Change to English
 แสดงรายละเอียดบรรณานุกรม
  กลับหน้าหลัก

Brief Record : Get Marc (ISO 2709) : E-mail record : QR code < ปิดหน้าต่าง
LEADER : 00000nam 2200000uu 4500
001    13399120047
003     ULIB
008    020711s2552 th a 000 0 tha d
020    9786110600637
099    นว.^bป458ฟ
100    ปริญญ์
245    ฟ้าฝันตะวันหนาว/^cปริญญ์
260    กรุงเทพฯ :^bแจ่มใส,^c2552
300    249 หน้า
945    ^p159^l0^i15772
999    ^aทศพร เกษรทอง
รายการนี้ยังไม่มีแท็ก
คุณยังไม่ได้ล็อกอิน คุณสามารถมีกิจกรรมร่วมกับเว็บไซต์ได้ แต่ต้องล็อกอินก่อน ::
  ล็อกอิน

รายการสื่อสารสนเทศ

ลำดับที่ ประเภท เลขเรียก/บาร์โค้ด สถานที่ สถานะ
1. นวนิยาย
นวนิยาย
นว. ป458ฟ ฉ.1 
  Barcode: 15772
ห้องสมุดวิทยาเขตสวรรค์ประชารักษ์
►นวนิยาย
บนชั้น
  ขอยืม

BibComment


ยังไม่เคยถูกคอมเมนท์

คอมเมนท์ทรัพยากรรายการนี้
  คอมเมนท์: ฟ้าฝันตะวันหนาว ป..


 Copyright 2026. Bcnsprnw @Library